Les villes françaises de plus de 150 000 habitants (mort subite) - Statistiques

Statistiques générales
  • Ce quiz a été pris 354 fois
  • Le résultat moyen est 8 sur 15
Answers on the Grid
Answers color-coded by a green-red scale on the quiz's grid according to % correct below.
Nantes
Avignon
Limoges
Paris
Bordeaux
Calais
Amiens
Caen
Reims
Orléans
Strasbourg
Marseille
Tours
Albi
Perpignan
Nice
Montpellier
Toulouse
Grenoble
Le Havre
Dijon
Nancy
Carcassonne
Lyon
Brest
Lille
Rouen
Metz
Rennes
Le Mans
 
Statistiques - réponses
Réponse % Correct
Nantes
86%
Paris
83%
Bordeaux
79%
Marseille
69%
Lille
66%
Strasbourg
65%
Lyon
61%
Nice
60%
Toulouse
57%
Montpellier
56%
Rennes
43%
Grenoble
33%
Reims
27%
Dijon
22%
Le Havre
20%
Aucun quiz correspondant
Distribution des résultats
% des personnes avec chaque résultat
Percentile par nombre de réponses
Votre historique - résultats
Vous n’avez pas pris ce quiz